[Event "Paul Keres mem (24th)"]
[Site "New Westminster CAN"]
[Date "1999.05.24"]
[Round "6"]
[White "Kostadinov, George"]
[Black "Orlov, Georgi"]
[Result "0-1"]
[WhiteElo "2118"]
[BlackElo "2597"]
[PlyCount "66"]
[GameId "2160767911805051"]
[EventDate "1999.05.21"]
[EventType "swiss"]
[EventRounds "7"]
[EventCountry "CAN"]

1. e4 g6 2. d4 Bg7 3. Nc3 c6 4. Nf3 d6 5. h3 Nf6 6. Bd3 O-O 7. Qe2 Qc7 8. e5 Nd5 9. Nxd5 cxd5 10. Bf4 dxe5 11. Nxe5 Qb6 12. c3 Nd7 13. O-O Nxe5 14. dxe5 d4 15. cxd4 Qxd4 16. Bg3 Be6 17. Rfd1 Qb6 18. b3 Rac8 19. Bf4 Rfd8 20. Rac1 Rxc1 21. Bxc1 Qc5 22. Bb2 Qa5 23. Ba1 Rd5 24. f4 Bh6 25. Rf1 Qd8 26. Be4 Rd2 27. Qf3 Rxa2 28. Bc3 Qb6+ 29. Kh2 Qxb3 30. f5 gxf5 31. Bxf5 Bd5 32. Qg3+ Kf8 33. Rb1 Qxc3 0-1

[Event "Paul Keres mem (24th)"]
[Site "New Westminster CAN"]
[Date "1999.05.24"]
[Round "6"]
[White "Krzyzowski, Ernest"]
[Black "Martinovsky, Ian"]
[Result "0-1"]
[WhiteElo "1937"]
[BlackElo "2220"]
[PlyCount "80"]
[GameId "2160767911805052"]
[EventDate "1999.05.21"]
[EventType "swiss"]
[EventRounds "7"]
[EventCountry "CAN"]

1. c4 f5 2. Nc3 Nf6 3. Nf3 g6 4. d3 Bg7 5. e4 d6 6. g3 O-O 7. Bg2 Nc6 8. O-O e5 9. Bd2 fxe4 10. dxe4 Bg4 11. h3 Be6 12. Qe2 Qd7 13. Kh2 Kh8 14. Rad1 Rae8 15. Be3 b6 16. Rd2 Qc8 17. b3 Ne7 18. Qd1 h6 19. Qc2 g5 20. Ng1 Ng6 21. f3 Rf7 22. a4 Ref8 23. a5 Nh7 24. Ra1 h5 25. axb6 axb6 26. Ra7 g4 27. fxg4 hxg4 28. Nb5 Nf6 29. h4 Nh5 30. Ne2 Qd8 31. Bg5 Bf6 32. Bxf6+ Qxf6 33. Rxc7 Nxg3 34. Rxf7 Rxf7 35. Nxd6 Qxh4+ 36. Kg1 Rf1+ 37. Bxf1 Qh1+ 38. Kf2 Qf3+ 39. Kg1 Qxf1+ 40. Kh2 Qf2# 0-1

[Event "Paul Keres mem (24th)"]
[Site "New Westminster CAN"]
[Date "1999.05.24"]
[Round "6"]
[White "Kuczaj, Chris"]
[Black "Berry, Jonathan"]
[Result "0-1"]
[WhiteElo "2114"]
[BlackElo "2383"]
[PlyCount "56"]
[GameId "2160767911805053"]
[EventDate "1999.05.21"]
[EventType "swiss"]
[EventRounds "7"]
[EventCountry "CAN"]

1. d4 Nf6 2. c4 e6 3. Nc3 Bb4 4. e3 c5 5. Bd3 Nc6 6. Nge2 d5 7. O-O cxd4 8. exd4 dxc4 9. Bxc4 O-O 10. Bg5 Be7 11. a3 b6 12. Qd3 Bb7 13. Rad1 Nd5 14. Bxe7 Ncxe7 15. Ba2 Rc8 16. Rfe1 Ng6 17. Bb1 Qh4 18. Qg3 Qxg3 19. hxg3 Rfd8 20. Ne4 Nge7 21. Rc1 Ba6 22. Rxc8 Rxc8 23. N2c3 Nxc3 24. Nxc3 g6 25. Ba2 Bc4 26. Bxc4 Rxc4 27. Rd1 Nd5 28. Kf1 Nxc3 0-1

[Event "Paul Keres mem (24th)"]
[Site "New Westminster CAN"]
[Date "1999.05.24"]
[Round "6"]
[White "Martinson, Rick"]
[Black "Woodward, Greg"]
[Result "0-1"]
[WhiteElo "1659"]
[BlackElo "1958"]
[PlyCount "68"]
[GameId "2160767911805054"]
[EventDate "1999.05.21"]
[EventType "swiss"]
[EventRounds "7"]
[EventCountry "CAN"]

1. d4 Nf6 2. c4 g6 3. Nc3 Bg7 4. e4 d6 5. Nf3 O-O 6. h3 e5 7. d5 Na6 8. Bd3 Nc5 9. Bg5 h6 10. Be3 a5 11. Bc2 Bd7 12. O-O Nh5 13. Qd2 Kh7 14. g4 Nf6 15. Nh2 Ng8 16. f3 g5 17. Kg2 Ne7 18. Ne2 Ng6 19. Rh1 Rh8 20. Rag1 Nh4+ 21. Kf2 Qf6 22. Ng3 Qe7 23. Ke2 b5 24. b3 bxc4 25. bxc4 Rab8 26. Bd3 Nxd3 27. Kxd3 c6 28. Rb1 cxd5 29. exd5 f5 30. Rxb8 Rxb8 31. Ba7 Rb2 32. Qxa5 Nxf3 33. Nhf1 e4+ 34. Ke3 f4# 0-1

[Event "Paul Keres mem (24th)"]
[Site "New Westminster CAN"]
[Date "1999.05.24"]
[Round "6"]
[White "Milicevic, Dragoljub"]
[Black "Downey, Glen"]
[Result "1-0"]
[WhiteElo "2314"]
[BlackElo "2012"]
[PlyCount "169"]
[GameId "2160767911805055"]
[EventDate "1999.05.21"]
[EventType "swiss"]
[EventRounds "7"]
[EventCountry "CAN"]

1. Nf3 d5 2. g3 Nf6 3. Bg2 Bg4 4. d3 Nbd7 5. h3 Bh5 6. O-O c6 7. Nbd2 e5 8. e4 dxe4 9. dxe4 Be7 10. Qe2 O-O 11. a4 Qc7 12. b3 Rfe8 13. Bb2 Rad8 14. Nc4 Bf8 15. g4 Bg6 16. Nh4 Nb6 17. Nxg6 Nxc4 18. Qxc4 hxg6 19. Rad1 Rd7 20. Bf3 Red8 21. Rxd7 Rxd7 22. Qc3 Bd6 23. Rd1 Nh7 24. Qd2 Nf8 25. g5 Be7 26. Qc1 Rxd1+ 27. Bxd1 Ne6 28. h4 Nf4 29. Bg4 f5 30. gxf6 Bxf6 31. Qa1 Qd6 32. Qd1 Qxd1+ 33. Bxd1 Kf7 34. Bg4 b6 35. Kh2 Ke7 36. Kg3 Kd6 37. Ba3+ c5 38. Bc1 a5 39. Bxf4 exf4+ 40. Kxf4 Bxh4 41. e5+ Ke7 42. Ke3 Bg5+ 43. Ke4 Bh4 44. f3 Bf2 45. c4 Be1 46. Kd5 Bb4 47. Kc6 Be1 48. Kxb6 Bb4 49. f4 Kd8 50. Kc6 Ke7 51. Kd5 Ba3 52. Bf3 Bb4 53. Be4 Ba3 54. Bxg6 Bb4 55. f5 Ba3 56. Bh5 Bb4 57. Bf3 Ba3 58. Kc6 Bb4 59. Kb6 Kf8 60. Ka6 Ke7 61. Kb5 Kf8 62. Bd5 Ke7 63. Bg8 Kf8 64. Kc6 Ke7 65. Be6 Ba3 66. Kd5 Bb4 67. Bc8 Ba3 68. Ke4 Bb4 69. Be6 Bc3 70. Bc8 Bb4 71. Bb7 Bc3 72. Bc6 Bb4 73. Bb5 Ba3 74. Kf4 Bb2 75. b4 cxb4 76. c5 Bd4 77. c6 Bb6 78. Bc4 Bc7 79. Ke4 Bb6 80. Kd5 Bc7 81. Bb3 Bb8 82. Bc4 Bc7 83. Kc5 Bxe5 84. Kb6 Kd6 85. c7 1-0

[Event "Paul Keres mem (24th)"]
[Site "New Westminster CAN"]
[Date "1999.05.24"]
[Round "6"]
[White "Moisseev, Dmitri"]
[Black "Niksic, John"]
[Result "0-1"]
[WhiteElo "1875"]
[BlackElo "2170"]
[PlyCount "188"]
[GameId "2160767911805056"]
[EventDate "1999.05.21"]
[EventType "swiss"]
[EventRounds "7"]
[EventCountry "CAN"]

1. e4 e6 2. d4 d5 3. exd5 exd5 4. g3 Nf6 5. Bg2 Bf5 6. Nf3 Bd6 7. O-O O-O 8. Ne5 Re8 9. f4 c6 10. Nd2 b5 11. b3 Ne4 12. g4 Qb6 13. Bb2 Nxd2 14. Qxd2 Bxe5 15. fxe5 Bxg4 16. Qf4 Be6 17. Bh3 Qb7 18. Bxe6 Rxe6 19. Rf3 Na6 20. Raf1 Rf8 21. c3 Qe7 22. Qf5 Nc7 23. Bc1 a5 24. c4 b4 25. c5 Rg6+ 26. Kh1 Qe6 27. Bg5 Nb5 28. Qxe6 Rxe6 29. Rf4 h6 30. Bh4 g5 31. Rg4 f5 32. exf6 Rexf6 33. Rxf6 Rxf6 34. Bg3 Kf7 35. Kg2 Kg6 36. Be5 Rf7 37. Rg3 Nc3 38. a4 Ne4 39. Re3 Rf2+ 40. Kg1 Rc2 41. Kf1 Rf2+ 42. Kg1 Rf7 43. Kg2 Kf5 44. Rf3+ Ke6 45. Rxf7 Kxf7 46. Bc7 Nd2 47. Bxa5 Nxb3 48. Bxb4 Nxd4 49. a5 Ke6 50. a6 Nb5 51. Ba5 Kd7 52. Kf3 Kc8 53. Kg4 Nd4 54. Kh5 Kb8 55. Kxh6 Ka7 56. Bc3 Nf3 57. h3 Ng1 58. Kxg5 Nxh3+ 59. Kf5 Nf2 60. Ke6 Kxa6 61. Ke5 Ne4 62. Bd4 Kb5 63. Bg1 Nxc5 64. Kd4 Nb3+ 65. Kc3 Na5 66. Kd4 Nc4 67. Kc3 c5 68. Bf2 Nb6 69. Kb3 Nd7 70. Kc3 Nb8 71. Kb3 d4 72. Kc2 Nc6 73. Kd3 c4+ 74. Kc2 Kb4 75. Be1+ Kc5 76. Bf2 Nb4+ 77. Kd1 c3 78. Bh4 Kc4 79. Bg5 d3 80. Kc1 Kb3 81. Kd1 Na2 82. Ke1 Kc2 83. Kf2 d2 84. Kf3 d1=Q+ 85. Kf4 Qd2+ 86. Kf5 Qxg5+ 87. Ke4 Kd2 88. Kf3 Qf6+ 89. Kg4 c2 90. Kg3 c1=Q 91. Kg4 Qf2 92. Kh3 Qcf1+ 93. Kg4 Q2g2+ 94. Kh4 Qfh1# 0-1

[Event "Paul Keres mem (24th)"]
[Site "New Westminster CAN"]
[Date "1999.05.24"]
[Round "6"]
[White "Pechisker, Alfred"]
[Black "Pascuzzi, Anthony"]
[Result "0-1"]
[WhiteElo "2221"]
[BlackElo "2122"]
[PlyCount "82"]
[GameId "2160767911805058"]
[EventDate "1999.05.21"]
[EventType "swiss"]
[EventRounds "7"]
[EventCountry "CAN"]

1. d4 d5 2. c4 dxc4 3. Nf3 Nf6 4. e3 e6 5. Bxc4 a6 6. O-O Be7 7. Nbd2 O-O 8. Qc2 Nbd7 9. a3 c5 10. dxc5 Bxc5 11. b4 Bd6 12. Bb2 b5 13. Ba2 Bb7 14. Rac1 Rc8 15. Qd3 Qe7 16. Bb1 Rxc1 17. Rxc1 Rd8 18. Qe2 e5 19. e4 Nb6 20. Ba2 Na4 21. Ba1 h6 22. Bb3 Bb8 23. h3 Kh7 24. Bxa4 bxa4 25. Rc5 Nd7 26. Rc2 Nf8 27. Nc4 Ng6 28. g3 Qe6 29. Kh2 Bc8 30. Qf1 Bd7 31. Rd2 Re8 32. Ne3 Bb5 33. Qd1 Ne7 34. Ng1 Nc6 35. Bc3 Qg6 36. Qf3 Nd4 37. Bxd4 exd4 38. Rxd4 Ba7 39. Rd2 Qxe4 40. Qxf7 Bxe3 41. fxe3 Bc6 0-1

[Event "Paul Keres mem (24th)"]
[Site "New Westminster CAN"]
[Date "1999.05.24"]
[Round "6"]
[White "Small, Hugh"]
[Black "Angelvette, Duane"]
[Result "1-0"]
[WhiteElo "1734"]
[BlackElo "1676"]
[PlyCount "71"]
[GameId "2160767911805060"]
[EventDate "1999.05.21"]
[EventType "swiss"]
[EventRounds "7"]
[EventCountry "CAN"]

1. d4 Nf6 2. Nf3 g6 3. Bg5 Bg7 4. Nbd2 d5 5. e3 O-O 6. Bd3 Nc6 7. c3 Bg4 8. h3 Bd7 9. Bc2 Qe8 10. Ne5 Nxe5 11. dxe5 Ne4 12. Nxe4 dxe4 13. Bxe4 Rd8 14. Qc2 Ba4 15. b3 Bb5 16. Bf4 f5 17. Bxb7 Bd3 18. Qc1 c6 19. c4 g5 20. Bg3 Qh5 21. f3 g4 22. Bxc6 f4 23. exf4 gxf3 24. Bxf3 Qg6 25. Bf2 Bh6 26. g3 Bg7 27. Qe3 Rd7 28. Rd1 Rfd8 29. Bd5+ e6 30. Qxd3 exd5 31. Qxg6 hxg6 32. cxd5 Re7 33. Ke2 g5 34. d6 Rf7 35. Be3 gxf4 36. gxf4 1-0

[Event "Paul Keres mem (24th)"]
[Site "New Westminster CAN"]
[Date "1999.05.24"]
[Round "6"]
[White "Sokourinski, Sergei"]
[Black "Wong, Samuel"]
[Result "0-1"]
[WhiteElo "2268"]
[BlackElo "1885"]
[PlyCount "100"]
[GameId "2160767911805061"]
[EventDate "1999.05.21"]
[EventType "swiss"]
[EventRounds "7"]
[EventCountry "CAN"]

1. d4 d5 2. Nf3 Nf6 3. c4 c6 4. cxd5 cxd5 5. Nc3 Nc6 6. Bf4 e6 7. e3 Bd6 8. Bxd6 Qxd6 9. Rc1 O-O 10. Bd3 Bd7 11. O-O Rac8 12. Bb1 h6 13. Qe2 Na5 14. Ne5 Nc4 15. Nxc4 Rxc4 16. e4 Qb6 17. exd5 Rxd4 18. dxe6 Bxe6 19. Qb5 Qxb5 20. Nxb5 Rb4 21. Nc7 Rxb2 22. Nxe6 fxe6 23. Rc2 Rxc2 24. Bxc2 Nd5 25. Re1 Rc8 26. Bb3 Kf7 27. g3 Kf6 28. f4 Rc3 29. Kf2 b6 30. Re4 a5 31. Re5 Rd3 32. Re2 b5 33. Bxd5 exd5 34. Rc2 b4 35. g4 Rc3 36. Re2 a4 37. h4 b3 38. axb3 axb3 39. g5+ hxg5 40. hxg5+ Kf5 41. Re7 Kxf4 42. Rf7+ Kxg5 43. Rxg7+ Kf4 44. Ke2 b2 45. Rb7 Rh3 46. Rb4+ Ke5 47. Kd2 Rh1 48. Kc2 b1=Q+ 49. Rxb1 Rxb1 50. Kxb1 Ke4 0-1

[Event "Paul Keres mem (24th)"]
[Site "New Westminster CAN"]
[Date "1999.05.24"]
[Round "6"]
[White "Sommerfeld, Gilbert"]
[Black "Harutyunyan, Ararat"]
[Result "1-0"]
[WhiteElo "2277"]
[BlackElo "1914"]
[PlyCount "59"]
[GameId "2160767911805062"]
[EventDate "1999.05.21"]
[EventType "swiss"]
[EventRounds "7"]
[EventCountry "CAN"]

1. Nf3 d5 2. c4 e6 3. e3 Nf6 4. Nc3 Be7 5. a3 c5 6. d4 Nc6 7. dxc5 Bxc5 8. cxd5 exd5 9. b4 Bb6 10. Na4 Bc7 11. Bb2 Bg4 12. Be2 O-O 13. Rc1 Bxf3 14. Bxf3 Ne5 15. Be2 a6 16. Nc5 b5 17. a4 bxa4 18. Nxa6 Bd6 19. Qxa4 Ne4 20. O-O Qh4 21. f4 Ng4 22. Bxg4 Qxg4 23. b5 Nd2 24. Qd1 Qd7 25. Qxd2 Qxb5 26. Qd4 f6 27. Nc7 Bxc7 28. Rxc7 Ra2 29. Rf2 Rb8 30. Rxg7+ 1-0

[Event "Paul Keres mem (24th)"]
[Site "New Westminster CAN"]
[Date "1999.05.24"]
[Round "6"]
[White "Stanford, Mike"]
[Black "Lee, Mau Seng"]
[Result "1-0"]
[WhiteElo "1970"]
[BlackElo "2033"]
[PlyCount "107"]
[GameId "2160767911805063"]
[EventDate "1999.05.21"]
[EventType "swiss"]
[EventRounds "7"]
[EventCountry "CAN"]

1. e4 c5 2. Nf3 Nc6 3. d4 cxd4 4. Nxd4 Nf6 5. Nc3 a6 6. Bc4 e6 7. Bg5 Qb6 8. Nb3 h6 9. Bd2 Qc7 10. a4 b6 11. f4 Bb7 12. O-O Rd8 13. Be3 Nb4 14. Qe2 d5 15. exd5 Nfxd5 16. Nxd5 Nxd5 17. Bd2 Bd6 18. f5 Bxh2+ 19. Kh1 Qe5 20. fxe6 fxe6 21. Qf3 Qc7 22. Qh5+ Kd7 23. Bxd5 Rhf8 24. Qxh2 Bxd5 25. Qxc7+ Kxc7 26. Bc3 g6 27. Kg1 Rf5 28. Nd4 Rg5 29. Nxe6+ Bxe6 30. Bf6 Rdd5 31. Bxg5 Rxg5 32. Ra3 Rg4 33. Rff3 Bd5 34. Rg3 Rc4 35. Rac3 Rxc3 36. Rxc3+ Kd6 37. a5 b5 38. Kf2 h5 39. g3 Ke5 40. Ke3 g5 41. Rc7 Kf5 42. Ra7 h4 43. gxh4 gxh4 44. Kf2 Be4 45. Rxa6 Bxc2 46. Rb6 Kg4 47. Rxb5 Bd3 48. Rb3 Ba6 49. Rc3 h3 50. Kg1 Bb7 51. Ra3 Ba6 52. Kh2 Kf5 53. Rxh3 Ke4 54. Rc3 1-0

[Event "Paul Keres mem (24th)"]
[Site "New Westminster CAN"]
[Date "1999.05.24"]
[Round "6"]
[White "Sullivan, Brian"]
[Black "Stockhausen, Peter"]
[Result "1-0"]
[WhiteElo "1743"]
[BlackElo "1725"]
[PlyCount "100"]
[GameId "2160767911805064"]
[EventDate "1999.05.21"]
[EventType "swiss"]
[EventRounds "7"]
[EventCountry "CAN"]

1. d4 c6 2. Nf3 d5 3. g3 Bf5 4. Bg2 Nf6 5. O-O e6 6. Nc3 Be7 7. Nh4 Bg4 8. h3 Bh5 9. Nf3 Qc7 10. g4 Bxg4 11. hxg4 Nxg4 12. e4 dxe4 13. Nxe4 Nd7 14. c4 O-O-O 15. Be3 h5 16. Qe2 h4 17. Bh3 Ndf6 18. Nxf6 gxf6 19. d5 Rdg8 20. Kh1 Bd6 21. c5 Bg3 22. d6 Qd7 23. Ng1 e5 24. f3 f5 25. Qd2 Bh2 26. fxg4 Bxg1 27. Rxg1 fxg4 28. Qg2 f5 29. Raf1 Rg6 30. Rxf5 Qxf5 31. Bxg4 Rxg4 32. Qxg4 Qxg4 33. Rxg4 Rf8 34. Kh2 Rh8 35. Rg7 Rf8 36. Rc7+ Kb8 37. Rh7 Kc8 38. Kh3 Rf3+ 39. Kxh4 Rxe3 40. Rc7+ Kd8 41. Rh7 Re4+ 42. Kg5 Re2 43. Kf6 Rf2+ 44. Ke6 Rf8 45. Kxe5 Re8+ 46. Kf6 Rf8+ 47. Rf7 Rxf7+ 48. Kxf7 Kd7 49. b4 b5 50. Kf6 a6 1-0

[Event "Paul Keres mem (24th)"]
[Site "New Westminster CAN"]
[Date "1999.05.24"]
[Round "6"]
[White "Teplitsky, Yan"]
[Black "Yoos, John"]
[Result "1/2-1/2"]
[WhiteElo "2453"]
[BlackElo "2291"]
[PlyCount "29"]
[GameId "2160767911805065"]
[EventDate "1999.05.21"]
[EventType "swiss"]
[EventRounds "7"]
[EventCountry "CAN"]
[SourceTitle "EXT 2000"]
[Source "ChessBase"]
[SourceDate "1999.11.18"]
[SourceVersion "1"]
[SourceVersionDate "1999.11.18"]
[SourceQuality "1"]

1. c4 e5 2. Nc3 d6 3. g3 Nc6 4. Bg2 g6 5. e3 Bg7 6. Nge2 f5 7. d3 Nf6 8. Rb1 a5 9. a3 O-O 10. b4 axb4 11. axb4 Ne7 12. f4 c6 13. O-O Be6 14. b5 Bf7 15. h3 1/2-1/2

[Event "Paul Keres mem (24th)"]
[Site "New Westminster CAN"]
[Date "1999.05.24"]
[Round "6"]
[White "Zick, David"]
[Black "Hallam, John"]
[Result "1/2-1/2"]
[WhiteElo "2228"]
[BlackElo "2257"]
[PlyCount "133"]
[GameId "2160767911805066"]
[EventDate "1999.05.21"]
[EventType "swiss"]
[EventRounds "7"]
[EventCountry "CAN"]

1. e4 c6 2. d4 d5 3. exd5 cxd5 4. Bd3 Nc6 5. c3 Nf6 6. Bf4 a6 7. Nd2 Bg4 8. Ngf3 e6 9. Qb1 Bh5 10. a4 a5 11. Ne5 Bg6 12. Nxg6 hxg6 13. Nf3 Be7 14. g4 Bd6 15. Bg3 Bxg3 16. fxg3 Nxg4 17. Bxg6 Qf6 18. Bxf7+ Qxf7 19. O-O Qh5 20. Qe1 Kd7 21. Qe2 Raf8 22. Rae1 Rh6 23. b4 axb4 24. Ne5+ Ngxe5 25. Rxf8 Qxe2 26. Rxe2 Ng6 27. Rf7+ Nge7 28. cxb4 Nxd4 29. Rb2 Ndf5 30. Rf8 e5 31. b5 Nd6 32. a5 Ndc8 33. Rf7 Rd6 34. Rxg7 d4 35. Rg4 Rd5 36. Kf1 Nd6 37. h4 Nxb5 38. h5 Nd6 39. h6 Rxa5 40. Rg8 Ra1+ 41. Kg2 Nef5 42. h7 Ne3+ 43. Kh3 Rh1+ 44. Rh2 Rxh2+ 45. Kxh2 d3 46. h8=Q d2 47. Qxe5 d1=Q 48. Rg7+ Kc6 49. Qxe3 Qc2+ 50. Kh3 Qf5+ 51. g4 Qf6 52. Re7 Kd5 53. Qd3+ Kc6 54. Qe3 Kd5 55. Qd3+ Kc6 56. Qc2+ Kd5 57. Qb3+ Kc6 58. Re6 Qf1+ 59. Kg3 Qg1+ 60. Kh4 Qd4 61. Kh5 Kd7 62. Rh6 Qe5+ 63. Kh4 Qe4 64. Qd1 Qf4 65. Qxd6+ Qxd6 66. Rxd6+ Kxd6 67. Kg3 1/2-1/2

[Event "Paul Keres mem (24th)"]
[Site "New Westminster CAN"]
[Date "1999.05.24"]
[Round "6"]
[White "Zuk, Robert"]
[Black "Poitras, Luc"]
[Result "1-0"]
[WhiteElo "2305"]
[BlackElo "2110"]
[PlyCount "71"]
[GameId "2160767911805067"]
[EventDate "1999.05.21"]
[EventType "swiss"]
[EventRounds "7"]
[EventCountry "CAN"]
[SourceTitle "EXT 2000"]
[Source "ChessBase"]
[SourceDate "1999.11.18"]
[SourceVersion "1"]
[SourceVersionDate "1999.11.18"]
[SourceQuality "1"]

1. e4 c5 2. Nf3 Nc6 3. d4 cxd4 4. Nxd4 e5 5. Nb5 d6 6. c4 Be7 7. N1c3 a6 8. Na3 Nf6 9. h3 O-O 10. Be3 Ne8 11. Qd2 f5 12. exf5 Bxf5 13. Be2 Nf6 14. O-O Qe8 15. f4 Qg6 16. Kh2 h5 17. Nd5 Ne4 18. Nxe7+ Nxe7 19. Qe1 Nc6 20. fxe5 Nxe5 21. Qh4 Nf6 22. Qg5 Qxg5 23. Bxg5 Ne4 24. Bf4 g6 25. Rac1 Nc5 26. Rcd1 Bd3 27. Bxe5 Bxe2 28. Rxf8+ Rxf8 29. Rxd6 Kh7 30. Bd4 Rf5 31. Nc2 Ne4 32. Rd7+ Kh6 33. Be3+ g5 34. Nd4 Rf1 35. Nxe2 h4 36. Re7 1-0

[Event "Paul Keres mem (24th)"]
[Site "New Westminster CAN"]
[Date "1999.05.24"]
[Round "7"]
[White "Aquino, Manfrei"]
[Black "Sullivan, Brian"]
[Result "1-0"]
[WhiteElo "1959"]
[BlackElo "1743"]
[PlyCount "53"]
[GameId "2160767911805068"]
[EventDate "1999.05.21"]
[EventType "swiss"]
[EventRounds "7"]
[EventCountry "CAN"]

1. d4 Nf6 2. c4 g6 3. Nc3 Bg7 4. e4 d6 5. f3 O-O 6. Be3 e5 7. d5 c6 8. Nge2 c5 9. g4 Nxg4 10. fxg4 Bxg4 11. Qd2 Bf3 12. Rg1 Qh4+ 13. Ng3 f5 14. Bg5 Qxg5 15. Qxg5 fxe4 16. Ngxe4 Na6 17. Be2 Nb4 18. O-O-O Nxa2+ 19. Kb1 Nxc3+ 20. Nxc3 e4 21. Bxf3 exf3 22. Rdf1 Rae8 23. Rf2 Bd4 24. Rgf1 Rf5 25. Qg4 Bxf2 26. Rxf2 Re2 27. Nxe2 1-0

[Event "Paul Keres mem (24th)"]
[Site "New Westminster CAN"]
[Date "1999.05.24"]
[Round "7"]
[White "Bates, Darren"]
[Black "Ivankovic, Goran"]
[Result "1-0"]
[WhiteElo "1617"]
[BlackElo "1844"]
[PlyCount "50"]
[GameId "2160767911805069"]
[EventDate "1999.05.21"]
[EventType "swiss"]
[EventRounds "7"]
[EventCountry "CAN"]

1. f4 d5 2. e3 c5 3. Nf3 Nc6 4. d3 Nf6 5. b3 Bg4 6. Nbd2 e5 7. fxe5 Nxe5 8. Be2 Bxf3 9. Bxf3 Bd6 10. Bb2 Qc7 11. Qe2 O-O 12. g4 Rfe8 13. O-O-O d4 14. Ne4 Nxe4 15. Bxe4 dxe3 16. Kb1 c4 17. Qxe3 c3 18. Bc1 a5 19. Qh3 Ng6 20. a3 Qe7 21. Ka2 a4 22. b4 Qe6+ 23. Kb1 Ra6 24. Rde1 Rb6 25. Bxg6 Qxe1 1-0

[Event "Paul Keres mem (24th)"]
[Site "New Westminster CAN"]
[Date "1999.05.24"]
[Round "7"]
[White "Berry, Jonathan"]
[Black "Teplitsky, Yan"]
[Result "0-1"]
[WhiteElo "2315"]
[BlackElo "2453"]
[PlyCount "40"]
[GameId "2160767911805071"]
[EventDate "1999.05.21"]
[EventType "swiss"]
[EventRounds "7"]
[EventCountry "CAN"]
[SourceTitle "EXT 2000"]
[Source "ChessBase"]
[SourceDate "1999.11.18"]
[SourceVersion "1"]
[SourceVersionDate "1999.11.18"]
[SourceQuality "1"]

1. d4 Nf6 2. Nf3 d5 3. c4 dxc4 4. e3 e6 5. Bxc4 a6 6. O-O c5 7. Qe2 b5 8. Bb3 Bb7 9. a4 b4 10. Rd1 Nbd7 11. e4 cxd4 12. e5 Nd5 13. a5 Nc5 14. Nxd4 Nxb3 15. Nxb3 Be7 16. Qg4 g5 17. Be3 Qc7 18. Rc1 Nxe3 19. Rxc7 Nxg4 20. Rxb7 O-O-O 0-1

[Event "Paul Keres mem (24th)"]
[Site "New Westminster CAN"]
[Date "1999.05.24"]
[Round "7"]
[White "Downey, Glen"]
[Black "Jose, Marionito"]
[Result "1-0"]
[WhiteElo "2012"]
[BlackElo "1883"]
[PlyCount "37"]
[GameId "2160767911805072"]
[EventDate "1999.05.21"]
[EventType "swiss"]
[EventRounds "7"]
[EventCountry "CAN"]

1. d4 Nf6 2. Nf3 g6 3. Bg5 Bg7 4. Nbd2 d6 5. e4 Nbd7 6. c3 c6 7. Be2 Qc7 8. O-O e5 9. dxe5 Nxe5 10. Nxe5 dxe5 11. Qc2 Be6 12. Bc4 Bxc4 13. Nxc4 b5 14. Ne3 Nd7 15. Rad1 f6 16. Bh4 O-O 17. Rd2 Rfe8 18. Qb3+ Kh8 19. Qf7 1-0

[Event "Paul Keres mem (24th)"]
[Site "New Westminster CAN"]
[Date "1999.05.24"]
[Round "7"]
[White "Hallam, John"]
[Black "Kostadinov, George"]
[Result "1-0"]
[WhiteElo "2257"]
[BlackElo "2118"]
[PlyCount "119"]
[GameId "2160767911805074"]
[EventDate "1999.05.21"]
[EventType "swiss"]
[EventRounds "7"]
[EventCountry "CAN"]

1. d4 c5 2. d5 f5 3. c4 Nf6 4. g3 g6 5. Bg2 d6 6. Bd2 Bg7 7. Bc3 O-O 8. Nh3 Na6 9. O-O Nc7 10. a4 Bd7 11. Nd2 Qc8 12. Rc1 Rb8 13. Nf4 Qe8 14. b3 Bh6 15. e3 g5 16. Nd3 e5 17. dxe6 Bc6 18. Bxc6 bxc6 19. e7 Qxe7 20. b4 Ne4 21. bxc5 Nxc3 22. cxd6 Qxd6 23. Rxc3 Bg7 24. Rb3 Rfd8 25. c5 Qd5 26. Nc1 Qxc5 27. Rxb8 Rxb8 28. Ndb3 Qd5 29. Qc2 Rd8 30. Ne2 Na6 31. Nbd4 c5 32. Nxf5 Bf6 33. e4 Qd3 34. Rc1 Qxc2 35. Rxc2 Rd1+ 36. Kg2 Ra1 37. Rc4 Ra3 38. f4 Ra2 39. Kf3 g4+ 40. Ke3 h5 41. e5 Bd8 42. Nd6 Ba5 43. f5 Nc7 44. Nf4 Rxh2 45. Ke4 h4 46. gxh4 Rxh4 47. Rc2 g3 48. Kf3 Be1 49. Ng2 Rh1 50. Nxe1 Rxe1 51. Rxc5 Na6 52. Rc8+ Kh7 53. e6 Nb4 54. Rc7+ Kh6 55. e7 Nd5 56. e8=Q Rxe8 57. Nxe8 Nxc7 58. Nxc7 Kg5 59. a5 Kxf5 60. Nb5 1-0

[Event "Paul Keres mem (24th)"]
[Site "New Westminster CAN"]
[Date "1999.05.24"]
[Round "7"]
[White "Harutyunyan, Ararat"]
[Black "Chapman, Erik"]
[Result "1-0"]
[WhiteElo "1914"]
[BlackElo "2016"]
[PlyCount "60"]
[GameId "2160767911805075"]
[EventDate "1999.05.21"]
[EventType "swiss"]
[EventRounds "7"]
[EventCountry "CAN"]

1. e4 c5 2. Nf3 Nc6 3. d4 cxd4 4. Nxd4 Nf6 5. Nc3 e5 6. Ndb5 d6 7. Bg5 Be6 8. Bxf6 gxf6 9. Nd5 Rc8 10. Qf3 Bg7 11. O-O-O a6 12. Nxd6+ Kf8 13. Nxc8 Qxc8 14. Qa3+ Ke8 15. Qd6 Bxd5 16. Qxd5 Nd4 17. Qc4 Qg4 18. Bd3 Ke7 19. Qb4+ Ke8 20. c3 Qc8 21. Kb1 Nc6 22. Qc5 h5 23. Qd5 Rh6 24. Bc4 Nd8 25. Rd3 b5 26. Rhd1 Ne6 27. Bb3 Kf8 28. Qd7 Qa8 29. Bxe6 fxe6 30. Qxe6 Qxe4 1-0

[Event "Paul Keres mem (24th)"]
[Site "New Westminster CAN"]
[Date "1999.05.24"]
[Round "7"]
[White "Kovacs, George"]
[Black "Martinson, Rick"]
[Result "1/2-1/2"]
[WhiteElo "1795"]
[BlackElo "1659"]
[PlyCount "35"]
[GameId "2160767911805077"]
[EventDate "1999.05.21"]
[EventType "swiss"]
[EventRounds "7"]
[EventCountry "CAN"]

1. d4 Nf6 2. Nf3 e6 3. e3 d5 4. Bd3 c5 5. c3 Nc6 6. O-O Bd6 7. Nbd2 cxd4 8. cxd4 O-O 9. b3 Re8 10. Bb2 e5 11. e4 dxe4 12. Nxe4 Nxe4 13. Bxe4 Nxd4 14. Nxd4 exd4 15. Qxd4 Bxh2+ 16. Kxh2 Qxd4 17. Bxh7+ Kxh7 18. Bxd4 1/2-1/2

[Event "Paul Keres mem (24th)"]
[Site "New Westminster CAN"]
[Date "1999.05.24"]
[Round "7"]
[White "Kuczaj, Chris"]
[Black "Sokourinski, Sergei"]
[Result "1/2-1/2"]
[WhiteElo "2114"]
[BlackElo "2268"]
[PlyCount "71"]
[GameId "2160767911805078"]
[EventDate "1999.05.21"]
[EventType "swiss"]
[EventRounds "7"]
[EventCountry "CAN"]

1. d4 d5 2. c4 c6 3. cxd5 cxd5 4. Nc3 Nf6 5. Nf3 Nc6 6. Bf4 Bf5 7. e3 e6 8. Bd3 Bxd3 9. Qxd3 Be7 10. O-O O-O 11. Rac1 Qa5 12. a3 Rfc8 13. Rc2 Qd8 14. Rfc1 Na5 15. Ne5 Nh5 16. Ne2 Bd6 17. Qb5 Nxf4 18. exf4 Bxe5 19. Qxa5 Rxc2 20. Qxd8+ Rxd8 21. Rxc2 Bd6 22. g3 Kf8 23. Kf1 Ke8 24. Nc1 f6 25. Nd3 b6 26. Ke2 Kd7 27. Kd2 Rg8 28. Ke3 g5 29. fxg5 Rxg5 30. f4 Rg8 31. Rc1 Re8 32. Kd2 h5 33. a4 Rh8 34. Ke2 Rg8 35. Kf3 Rb8 36. b4 1/2-1/2